Statistics for Top 20 IQ's of Vegetables

Click here to take the quiz!

General Stats

  • This quiz has been taken 2,553 times
  • The average score is 7 of 20

Answer Stats

IQVegetable% Correct
4.00Carrot
86%
2.40Potato
77%
3.21Tomato
65%
2.81Broccoli
54%
3.07Lettuce
53%
2.63Onion
53%
3.31Cabbage
46%
2.27Beetroot
37%
2.76Celery
36%
2.87Radish
35%
2.89Spinach
32%
2.22Turnip
31%
3.30Pumpkin
29%
2.79Asparagus
25%
2.71Garlic
25%
2.56Leek
18%
3.37Parsnip
17%
2.84Artichoke
13%
2.52Spring Onion
13%
2.81Watercress
5%

Score Distribution

Percentile by Number Answered

Percent of People with Each Score

Your Score History

You have not taken this quiz